000
00328nam a2200133Ia 4500
008
210210b1970 xxu||||| |||| 00| 0 eng d
082
_a
330 ISRP
100
_a
ISRANEY (S M).
245
_a
Principles of economics.
260
_a
Allahabad
_b
Kitab mahal
_c
1970
300
_a
xvi,726
690
_a
Economic Theory
906
_a
028700
999
_c
79937
_d
79937